A Textbook Of Electrical Engineering in S.I.Units / (Record no. 189480)
[ view plain ]
| 000 -LEADER | |
|---|---|
| fixed length control field | 01073 a2200193 4500 |
| 003 - CONTROL NUMBER IDENTIFIER | |
| control field | Nust |
| 005 - DATE AND TIME OF LATEST TRANSACTION | |
| control field | 20221028181525.0 |
| 020 ## - INTERNATIONAL STANDARD BOOK NUMBER | |
| International Standard Book Number | 81-219-2437-5 |
| 040 ## - CATALOGING SOURCE | |
| Transcribing agency | Nust |
| 082 ## - DEWEY DECIMAL CLASSIFICATION NUMBER | |
| Classification number | 621.31,THE |
| 100 ## - MAIN ENTRY--PERSONAL NAME | |
| Personal name | B.L Theraja.A.K Theraja |
| 9 (RLIN) | 101689 |
| 245 ## - TITLE STATEMENT | |
| Title | A Textbook Of Electrical Engineering in S.I.Units / |
| Statement of responsibility, etc. | B.L Theraja.A.K Theraja |
| 260 ## - PUBLICATION, DISTRIBUTION, ETC. | |
| Place of publication, distribution, etc. | New Delhi |
| Name of publisher, distributor, etc. | S.Chand And Company Ltd |
| Date of publication, distribution, etc. | 2010 |
| 300 ## - PHYSICAL DESCRIPTION | |
| Extent | xiv,866-1568.p |
| 440 ## - SERIES STATEMENT/ADDED ENTRY--TITLE | |
| Number of part/section of a work | Volume II |
| 9 (RLIN) | 8809 |
| 505 ## - FORMATTED CONTENTS NOTE | |
| Formatted contents note | Elements of Electro Mechanical Energy Conversion (Page-865), D.C. Generator (Page-887), Armature Reaction and Commutation (Page-937), Generator Characteristics (Page-967), D.C. Motor (Page-995), Speed Control of D.C Motors (Page-1031), Testing of D.C Machines (Page-1091), Transformer (Page-1115), Transformer (Page-1211), Induction Motor (Page-1243), Computation and Circle Diagrams (Page-1313), Single Phase Motors (Page-1367), Alternators (Page-1401), Synchronous Motor (Page-1489), Special Machines (Page-1535). |
| 650 ## - SUBJECT ADDED ENTRY--TOPICAL TERM | |
| Topical term or geographic name entry element | A Textbook Of Electrical Engineering In S.I Units |
| 9 (RLIN) | 101690 |
| 942 ## - ADDED ENTRY ELEMENTS (KOHA) | |
| Source of classification or shelving scheme | |
| Koha item type | Book |
| Withdrawn status | Lost status | Source of classification or shelving scheme | Damaged status | Not for loan | Permanent Location | Current Location | Shelving location | Date acquired | Full call number | Barcode | Date last seen | Price effective from | Koha item type | Public note |
|---|---|---|---|---|---|---|---|---|---|---|---|---|---|---|
| Military College of Signals (MCS) | Military College of Signals (MCS) | General Stacks | 12/12/2016 | 621.31,THE | MCS35104 | 12/08/2016 | 12/12/2016 | Book | Almirah No.28, Shelf No.6 |
